United Arab Emirates society in the twenty-first century : (Record no. 528161)
[ view plain ]
| 000 -LEADER | |
|---|---|
| fixed length control field | 01567cam a2200421 i 4500 |
| 001 - CONTROL NUMBER | |
| control field | 21130112 |
| 003 - CONTROL NUMBER IDENTIFIER | |
| control field | NUST |
| 005 - DATE AND TIME OF LATEST TRANSACTION | |
| control field | 20190831063432.0 |
| 008 - FIXED-LENGTH DATA ELEMENTS--GENERAL INFORMATION | |
| fixed length control field | 190813s2018 ts a b 000 0 eng d |
| 010 ## - LIBRARY OF CONGRESS CONTROL NUMBER | |
| LC control number | 2019384129 |
| 020 ## - INTERNATIONAL STANDARD BOOK NUMBER | |
| International Standard Book Number | 9789948398004 |
| Qualifying information | hardcover) |
| 020 ## - INTERNATIONAL STANDARD BOOK NUMBER | |
| International Standard Book Number | 9948398009 |
| 035 ## - SYSTEM CONTROL NUMBER | |
| System control number | (OCoLC)on1090032349 |
| 038 ## - RECORD CONTENT LICENSOR | |
| Staff Name | WASEEM |
| 040 ## - CATALOGING SOURCE | |
| Original cataloging agency | A7U |
| Language of cataloging | eng |
| Transcribing agency | A7U |
| Description conventions | rda |
| Modifying agency | GZM |
| -- | OCLCF |
| -- | UKMGB |
| -- | DKAGE |
| -- | DLC |
| 042 ## - AUTHENTICATION CODE | |
| Authentication code | lccopycat |
| 043 ## - GEOGRAPHIC AREA CODE | |
| Geographic area code | a-ts--- |
| 050 00 - LIBRARY OF CONGRESS CALL NUMBER | |
| Classification number | HN666.A8 |
| Item number | S89 2018 |
| 082 04 - DEWEY DECIMAL CLASSIFICATION NUMBER | |
| Classification number | 953.57 |
| Author Mark | ALS |
| 100 1# - MAIN ENTRY--PERSONAL NAME | |
| Personal name | Suwaidi, Jamal S., |
| Relator term | author. |
| 9 (RLIN) | 19748 |
| 245 10 - TITLE STATEMENT | |
| Title | United Arab Emirates society in the twenty-first century : |
| Remainder of title | issues and challenges in a changing world / |
| Statement of responsibility, etc. | Jamal Sanad Al-Suwaidi. |
| 250 ## - EDITION STATEMENT | |
| Edition statement | First edition. |
| 264 #1 - PRODUCTION, PUBLICATION, DISTRIBUTION, MANUFACTURE, AND COPYRIGHT NOTICE | |
| Place of production, publication, distribution, manufacture | Abu Dhabi : |
| Name of producer, publisher, distributor, manufacturer | Jamal Sanad Al-Suwaidi, |
| Date of production, publication, distribution, manufacture, or copyright notice | 2018. |
| 300 ## - PHYSICAL DESCRIPTION | |
| Extent | 201 pages : |
| Other physical details | illustrations (some color) ; |
| Dimensions | 22 cm |
| 336 ## - CONTENT TYPE | |
| Content type term | text |
| Content type code | txt |
| Source | rdacontent |
| 337 ## - MEDIA TYPE | |
| Media type term | unmediated |
| Media type code | n |
| Source | rdamedia |
| 338 ## - CARRIER TYPE | |
| Carrier type term | volume |
| Carrier type code | nc |
| Source | rdacarrier |
| 504 ## - BIBLIOGRAPHY, ETC. NOTE | |
| Bibliography, etc. note | Includes bibliographical references (pages 187-201). |
| 650 #0 - SUBJECT ADDED ENTRY--TOPICAL TERM | |
| Topical term or geographic name entry element | Social change |
| Geographic subdivision | United Arab Emirates. |
| 9 (RLIN) | 19749 |
| 650 #0 - SUBJECT ADDED ENTRY--TOPICAL TERM | |
| Topical term or geographic name entry element | Civil society |
| Geographic subdivision | United Arab Emirates. |
| 9 (RLIN) | 19750 |
| 650 #0 - SUBJECT ADDED ENTRY--TOPICAL TERM | |
| Topical term or geographic name entry element | Education |
| Geographic subdivision | United Arab Emirates. |
| 9 (RLIN) | 19751 |
| 650 #0 - SUBJECT ADDED ENTRY--TOPICAL TERM | |
| Topical term or geographic name entry element | Citizenship |
| Geographic subdivision | United Arab Emirates. |
| 9 (RLIN) | 19752 |
| 651 #0 - SUBJECT ADDED ENTRY--GEOGRAPHIC NAME | |
| Geographic name | United Arab Emirates |
| General subdivision | History. |
| 9 (RLIN) | 19753 |
| 651 #0 - SUBJECT ADDED ENTRY--GEOGRAPHIC NAME | |
| Geographic name | United Arab Emirates |
| General subdivision | Politics and government. |
| 9 (RLIN) | 19754 |
| 906 ## - LOCAL DATA ELEMENT F, LDF (RLIN) | |
| a | 7 |
| b | cbc |
| c | copycat |
| d | 3 |
| e | ncip |
| f | 20 |
| g | y-nonroman |
| 942 ## - ADDED ENTRY ELEMENTS (KOHA) | |
| Source of classification or shelving scheme | |
| Koha item type | Book |
| Withdrawn status | Lost status | Source of classification or shelving scheme | Damaged status | Not for loan | Permanent Location | Current Location | Date acquired | Total Checkouts | Full call number | Barcode | Date last seen | Price effective from | Koha item type |
|---|---|---|---|---|---|---|---|---|---|---|---|---|---|
| Central Library (CL) | Central Library (CL) | 08/31/2019 | 953.57 ALS | CL-D-466 | 08/31/2019 | 08/31/2019 | Book |
